000 00579nam a2200241 a 4500
001 nice12345678
003 IN_TiNIC
005 20260116011456.0
008 050524s1941 laha grp 000 0 eng
020 _a
_c100
082 0 0 _a909.04927
_bASA1
100 _aAsad, Muhammad
245 _aIslam at the Cross Roads
260 _aLahore
_bSh. Muhammad Ashraf
_c1941
300 _a141p
500 _aincludes index and biblioraphy
505 2 _aIndex
650 _aCivilization-Islamic
700 1 _aAsad, Muhammad
902 _bSRS
942 _cBK
999 _c1871
_d1871